| 000 | 00470nam a22001697a 4500 | ||
|---|---|---|---|
| 003 | NUST - PNEC | ||
| 005 | 20170116181049.0 | ||
| 008 | 150928b xxu||||| |||| 00| 0 eng d | ||
| 020 | _a8124205213 | ||
| 040 | _cLIBRARY | ||
| 082 | _a628.166 FLI | ||
| 100 |
_911796 _a Flick, Ernest W |
||
| 245 |
_aWater treatment chemicals : _ban industrial guide _cErnest W Flick |
||
| 260 | _c2005 | ||
| 650 |
_911797 _aWater purification chemicals industry _xME |
||
| 942 |
_2ddc _cBK |
||
| 999 |
_c68330 _d68330 |
||